Normal view
MARC view
Entry Personal Name
001 - CONTROL NUMBER
- control field: 19502
003 - CONTROL NUMBER IDENTIFIER
- control field: dpl
005 - DATE AND TIME OF LATEST TRANSACTION
- control field: 20100910142946.0
008 - FIXED-LENGTH DATA ELEMENTS
- fixed length control field: 100910|||a|||||| | ||| d
040 ## - CATALOGING SOURCE
- Original cataloging agency: dpl
- Transcribing agency: dpl
100 ## - HEADING--PERSONAL NAME
- Personal name: Shanker Jaikishan
670 ## - SOURCE DATA FOUND
- Source citation: Work cat.: (dpl): 17690 Mangeshkar, Lata, Prince /, 1969
670 ## - SOURCE DATA FOUND
- Source citation: Work cat.: (dpl): 17690 Mangeshkar, Lata, Prince /, 1969
